| 000 | 00933cam a22002895a 4500 | ||
|---|---|---|---|
| 001 | 015346284 | ||
| 003 | OSt | ||
| 005 | 20170426142321.0 | ||
| 008 | 090722t2013 nyua frb 001 0 eng d | ||
| 020 | _a9780077151546 | ||
| 020 | _a0077151542 | ||
| 040 |
_aStDuBDS _beng _cStDuBDS _dUk _dEG-ScBUE |
||
| 082 | 0 | 4 |
_222 _a338.5 _bFRA |
| 100 | 1 |
_aFrank, Robert H. _93237 |
|
| 245 | 1 | 0 |
_aMicroeconomics and behavior / _cRobert H. Frank and Edward Cartwright. |
| 260 |
_aNew York : _bMcGraw-Hill Education, _cc.2013. |
||
| 300 |
_a(various pagings) : _bill. ; _c28 cm. |
||
| 504 | _aIncludes bibliographical references and index. | ||
| 650 | 7 |
_aMicroeconomics. _2BUEsh _95599 |
|
| 650 | 7 |
_aConsumer behavior. _2BUEsh _912283 |
|
| 650 | 7 |
_aEconomic man. _2BUEsh _93239 |
|
| 651 | _2BUEsh | ||
| 653 |
_bLLAAWW _cApril2017 |
||
| 690 | 7 |
_aManagement and Business Studies _2blcoll |
|
| 700 | 1 | _aCartwright, Edward. | |
| 942 | _2ddc | ||
| 999 |
_c24715 _d24687 |
||